[Event "C.to Europeo U18"]
[Site "Fermo ITA"]
[Date "2009.09.06"]
[Round "6"]
[White "Soors, Stef"]
[Black "Herman, Jean"]
[Result "1-0"]
[WhiteElo "2222"]
[BlackElo "2050"]
[PlyCount "69"]
[EventDate "2009.08.31"]

1. d4 Nf6 2. c4 c5 3. d5 b5 4. cxb5 a6 5. bxa6 Bxa6 6. Nc3 g6 7. g3 Bg7 8. Bg2
d6 9. Nf3 O-O 10. O-O Nbd7 11. Rb1 Qa5 12. Bd2 Rfb8 13. Qc2 Rb7 14. b3 Ne8 15.
Rfe1 Qd8 16. e4 Nc7 17. a4 Rb4 18. Na2 Rbb8 19. b4 cxb4 20. Nxb4 Bb7 21. Rec1
Na6 22. Nc6 Bxc6 23. dxc6 Ndc5 24. e5 dxe5 25. Ng5 Rxb1 26. Rxb1 Rb8 27. Rxb8
Qxb8 28. Be3 Bf6 29. Nxf7 Qb3 30. Qxb3 Nxb3 31. Bd5 Nd4 32. Nxe5+ e6 33. Nd7
Bg7 34. Bc4 Nc7 35. Bf4 1-0

[Event "C.to Europeo U18"]
[Site "Fermo ITA"]
[Date "2009.09.06"]
[Round "6"]
[White "Stips, Felix"]
[Black "Casanova, Fernando"]
[Result "1-0"]
[WhiteElo "2240"]
[BlackElo "2059"]
[PlyCount "85"]
[EventDate "2009.08.31"]

1. d4 g6 2. c4 Bg7 3. e4 d6 4. Nc3 Nf6 5. Nf3 O-O 6. Be2 e5 7. dxe5 dxe5 8.
Qxd8 Rxd8 9. Bg5 Re8 10. Nd5 Nxd5 11. cxd5 c6 12. Bc4 cxd5 13. Bxd5 Na6 14.
O-O-O Nc7 15. Bb3 Be6 16. Bxe6 Nxe6 17. Be3 Nd4 18. Bxd4 exd4 19. Rhe1 Rac8+
20. Kb1 h6 21. Rc1 Rxc1+ 22. Kxc1 Re6 23. Kd2 Ra6 24. a3 Rb6 25. Rb1 Rb3 26.
Kc2 Rb6 27. Kd3 Kf8 28. Nd2 Ke7 29. f4 Ke6 30. a4 Rb4 31. b3 a6 32. Rc1 Bf8 33.
Rc4 Rxc4 34. Kxc4 g5 35. fxg5 hxg5 36. Nf3 f6 37. Nxd4+ Ke5 38. Kd3 Bc5 39. Nf5
Bf2 40. g3 Be1 41. Ke3 Bb4 42. h4 Bc5+ 43. Kf3 1-0

[Event "C.to Europeo U18"]
[Site "Fermo ITA"]
[Date "2009.09.06"]
[Round "6"]
[White "Swiercz, Dariusz"]
[Black "Ollier, Pablo"]
[Result "1-0"]
[WhiteElo "2492"]
[BlackElo "2226"]
[PlyCount "59"]
[EventDate "2009.08.31"]

1. e4 e6 2. d4 d5 3. Nd2 Nf6 4. e5 Nfd7 5. c3 c5 6. f4 Nc6 7. Ndf3 cxd4 8. cxd4
Qb6 9. a3 a5 10. b3 Be7 11. h4 f6 12. Bd3 Qa7 13. Ne2 Nb6 14. h5 Bd7 15. Nc3 a4
16. b4 Rc8 17. Nb5 Qb8 18. Qe2 Na7 19. Nxa7 Qxa7 20. f5 fxe5 21. dxe5 Nc4 22.
h6 exf5 23. hxg7 Rg8 24. e6 Bb5 25. Bb2 Ba6 26. Bd4 Qb8 27. Rxh7 Qg3+ 28. Kf1
Bg5 29. Kg1 Nxa3 30. b5 1-0

[Event "C.to Europeo U18"]
[Site "Fermo ITA"]
[Date "2009.09.06"]
[Round "6"]
[White "Torres Ventosa, Pedro Eugenio"]
[Black "Pomaro, Alberto"]
[Result "0-1"]
[WhiteElo "2135"]
[BlackElo "2284"]
[PlyCount "86"]
[EventDate "2009.08.31"]

1. e4 c5 2. Nf3 d6 3. c3 Nf6 4. h3 Nbd7 5. Bd3 b6 6. Bc2 Bb7 7. Qe2 Qc7 8. O-O
Rc8 9. Re1 e5 10. d3 g6 11. Bg5 Bg7 12. Nbd2 h6 13. Be3 O-O 14. Nf1 d5 15. exd5
Nxd5 16. Qd2 Kh7 17. Rac1 f5 18. Qd1 Rfe8 19. a3 Qb8 20. Ba4 b5 21. Bb3 N7b6
22. Rc2 Nxe3 23. Nxe3 c4 24. dxc4 bxc4 25. Ba2 Be4 26. Rd2 Bd3 27. Nc2 e4 28.
Nfd4 Nd5 29. Ne3 Nf4 30. Qa4 Qc7 31. Nb5 Qc6 32. Qb4 Rb8 33. Qd6 Nxh3+ 34. gxh3
Qxb5 35. Qd5 Qxd5 36. Nxd5 Be5 37. f4 Rbd8 38. fxe5 Rxd5 39. e6 Rxe6 40. Kf2 f4
41. Rdd1 Rb6 42. b4 cxb3 43. Bb1 Rbd6 0-1

[Event "C.to Europeo U18"]
[Site "Fermo ITA"]
[Date "2009.09.06"]
[Round "6"]
[White "Valsecchi, Alessio"]
[Black "Rocks, Daniel"]
[Result "0-1"]
[WhiteElo "2372"]
[BlackElo "2037"]
[PlyCount "64"]
[EventDate "2009.08.31"]

1. e4 e5 2. Nf3 Nc6 3. Bc4 Be7 4. O-O Nf6 5. d3 O-O 6. c3 d6 7. Bb3 Ne8 8. Re1
Kh8 9. d4 Bg4 10. Bd5 exd4 11. Bxc6 bxc6 12. cxd4 d5 13. Nc3 dxe4 14. Rxe4 Nf6
15. Re1 Bb4 16. Bg5 c5 17. dxc5 Bxc5 18. Rc1 Bb6 19. Qe2 Re8 20. Qc4 Bxf3 21.
gxf3 Qd7 22. Bxf6 gxf6 23. Qf4 Rg8+ 24. Kh1 Rg6 25. Ne4 Bd4 26. Rg1 Be5 27. Qe3
Rag8 28. f4 Bd4 29. Qd3 Qd5 30. Rxg6 Rxg6 31. Rc4 Bxf2 32. Qxd5 Rg1# 0-1

[Event "C.to Europeo U18"]
[Site "Fermo ITA"]
[Date "2009.09.06"]
[Round "6"]
[White "Yilmazyerli, Mert"]
[Black "Georgescu, Tiberiu-Marian"]
[Result "1-0"]
[WhiteElo "2255"]
[BlackElo "2382"]
[PlyCount "129"]
[EventDate "2009.08.31"]

1. e4 c5 2. Nf3 Nc6 3. d4 cxd4 4. Nxd4 g6 5. Nc3 Bg7 6. Be3 Nf6 7. Bc4 O-O 8.
Bb3 d6 9. f3 Bd7 10. Qd2 Nxd4 11. Bxd4 b5 12. h4 a5 13. a4 bxa4 14. Nxa4 Be6
15. Bxe6 fxe6 16. Nc3 Nh5 17. Ne2 e5 18. Be3 Nf4 19. Nxf4 exf4 20. Bd4 Bxd4 21.
Qxd4 Qb8 22. Ra4 Qb5 23. Kd2 Rab8 24. b3 Rfc8 25. Rha1 Ra8 26. Qd5+ Qxd5+ 27.
exd5 Rc5 28. c4 Kf7 29. Kd3 Rb8 30. Kc3 Ra8 31. Re1 h6 32. Ra2 Rac8 33. Rd2 g5
34. Re6 a4 35. Rd4 axb3 36. Kxb3 Rb8+ 37. Kc3 Ra5 38. Rde4 Ra3+ 39. Kd4 Rb7 40.
Re2 gxh4 41. Rxh6 Rb1 42. Rxh4 Rd1+ 43. Ke4 Rc3 44. Kf5 Re3 45. Ra2 Re5+ 46.
Kxf4 Rd4+ 47. Kg3 Rg5+ 48. Kh3 Rd1 49. Kh2 Rc1 50. Re2 Rg7 51. Rhe4 Kf8 52. Ra2
Ke8 53. Rae2 Kf8 54. Rh4 Ke8 55. Ra2 Kf7 56. Ra8 Rc2 57. Rf4+ Kg6 58. Rg4+ Kf7
59. Rf4+ Kg6 60. Rh8 Re2 61. Rhh4 Rc2 62. Kh3 Re2 63. Rhg4+ Kh6 64. Rxg7 Kxg7
65. Re4 1-0

[Event "C.to Europeo U18"]
[Site "Fermo ITA"]
[Date "2009.09.06"]
[Round "6"]
[White "Zupec, Jan"]
[Black "Palmitessa, Andrea"]
[Result "1-0"]
[WhiteElo "1976"]
[BlackElo "1796"]
[PlyCount "89"]
[EventDate "2009.08.31"]

1. d4 d5 2. Bf4 Nf6 3. Nf3 c5 4. c3 e6 5. e3 Nc6 6. Nbd2 Bd6 7. Ne5 Bxe5 8.
dxe5 Nd7 9. Qg4 Ncxe5 10. Bxe5 Nxe5 11. Qxg7 Ng6 12. h4 Qe7 13. h5 Qf8 14. Bb5+
Bd7 15. Bxd7+ Kxd7 16. Qxf8 Nxf8 17. Rd1 Ke7 18. f4 Rg8 19. Kf2 Nd7 20. Rh4 Nf6
21. Kf3 Rg7 22. h6 Rg6 23. g4 Rag8 24. g5 Nd7 25. Kg4 f6 26. Nf3 fxg5 27. Nxg5
Ne5+ 28. Kh5 Nf7 29. Nxf7 Kxf7 30. c4 Rf6 31. Rg4 Rf5+ 32. Rg5 Kf6 33. Rxf5+
Kxf5 34. cxd5 Rd8 35. d6 e5 36. Rd5 Ke6 37. Rxe5+ Kxd6 38. Rg5 Re8 39. Rg7 Rxe3
40. Rxh7 Rh3+ 41. Kg6 Rg3+ 42. Kf6 Rg8 43. Rxb7 Rf8+ 44. Rf7 Rxf7+ 45. Kxf7 1-0

[Event "C.to Europeo U18"]
[Site "Fermo ITA"]
[Date "2009.09.07"]
[Round "7"]
[White "Albertini, Luca"]
[Black "Attuati, Stefano"]
[Result "1-0"]
[WhiteElo "1950"]
[BlackElo "1776"]
[PlyCount "65"]
[EventDate "2009.08.31"]

1. d4 e6 2. c4 f5 3. Nc3 Nf6 4. g3 d5 5. cxd5 exd5 6. Bg2 c6 7. Nf3 Bd6 8. O-O
O-O 9. a3 Be6 10. b4 a6 11. Na4 Qe7 12. Nc5 Ne4 13. Bh3 a5 14. Nxe6 Qxe6 15.
Bd2 axb4 16. Bxb4 Bxb4 17. axb4 Rxa1 18. Qxa1 Na6 19. Qb2 Nc7 20. Ne5 Ra8 21.
Ra1 Rxa1+ 22. Qxa1 Ng5 23. Bf1 Qe7 24. Qa7 Nce6 25. Nxc6 Qd7 26. Ne5 Qe7 27.
Qb8+ Nf8 28. b5 Nf7 29. Bg2 Qd6 30. Qxb7 Nxe5 31. dxe5 Qxe5 32. Bxd5+ Ne6 33.
Qd7 1-0

[Event "C.to Europeo U18"]
[Site "Fermo ITA"]
[Date "2009.09.07"]
[Round "7"]
[White "Alonso Rosell, Alvar"]
[Black "Nabaty, Tamir"]
[Result "0-1"]
[WhiteElo "2461"]
[BlackElo "2504"]
[PlyCount "96"]
[EventDate "2009.08.31"]

1. d4 d5 2. c4 dxc4 3. Nf3 c6 4. e3 Be6 5. Nc3 b5 6. a4 b4 7. Ne4 Nf6 8. Nc5
Bd5 9. Bd2 e6 10. Rc1 Bxc5 11. dxc5 a5 12. Bxc4 Nbd7 13. Bxd5 exd5 14. Nd4 Ne4
15. O-O Qf6 16. Rc2 O-O 17. Nb3 Qe7 18. Qc1 Ne5 19. Be1 Nd3 20. Qd1 Nexc5 21.
Nd4 Rac8 22. b3 Qf6 23. f3 Rfe8 24. Qd2 Qh6 25. Bf2 Qg6 26. Bg3 h5 27. Rd1 Qf6
28. Bf2 Nxf2 29. Qxf2 Nd7 30. Ne2 Qe7 31. Nf4 Nf6 32. Rd3 Qe5 33. Rc5 Nd7 34.
Rc1 Qf5 35. Rdd1 g6 36. h4 Qe5 37. Rd3 Qd6 38. Qc2 Qe7 39. Qf2 Nc5 40. Rdd1
Nxb3 41. Rc2 Qxe3 42. Qxe3 Rxe3 43. Nxd5 Re6 44. Rd3 Re1+ 45. Kh2 Na1 46. Rc5
b3 47. Rd2 Rb8 48. Nf6+ Kg7 0-1

[Event "C.to Europeo U18"]
[Site "Fermo ITA"]
[Date "2009.09.07"]
[Round "7"]
[White "Balokas, Dimitrios"]
[Black "Torres Ventosa, Pedro Eugenio"]
[Result "1-0"]
[WhiteElo "1922"]
[BlackElo "2135"]
[PlyCount "99"]
[EventDate "2009.08.31"]

1. Nf3 Nf6 2. c4 g6 3. Nc3 d5 4. cxd5 Nxd5 5. Qa4+ Bd7 6. Qh4 Nf6 7. e4 c6 8.
d4 Bg7 9. Bh6 O-O 10. Ng5 e5 11. dxe5 Nh5 12. Bxg7 Kxg7 13. O-O-O h6 14. Nf3
Qxh4 15. Nxh4 Re8 16. Nf3 Bg4 17. Be2 Nf4 18. h3 Bxf3 19. Bxf3 Rxe5 20. Rd8 Ne6
21. Rc8 b5 22. Rd1 a5 23. Ne2 b4 24. Nd4 Nf8 25. Kb1 c5 26. Nc6 Nxc6 27. Rxa8
Ne6 28. Rd5 Ned4 29. Rxe5 Nxe5 30. Rxa5 Nd3 31. e5 c4 32. Rd5 Ne6 33. Rxd3 cxd3
34. Kc1 Nc5 35. Kd2 Kf8 36. Bd5 Ke7 37. f4 Na4 38. Kxd3 Nxb2+ 39. Kc2 Na4 40.
Kb3 Nc5+ 41. Kxb4 Nd3+ 42. Kc4 Nxf4 43. a4 Kd7 44. Bxf7 Nxg2 45. a5 g5 46. a6
Ne3+ 47. Kc5 Kc7 48. Bd5 Kb8 49. e6 g4 50. e7 1-0

[Event "C.to Europeo U18"]
[Site "Fermo ITA"]
[Date "2009.09.07"]
[Round "7"]
[White "Biryukov, Mikhail"]
[Black "Palazzotto, Giuseppe"]
[Result "1-0"]
[WhiteElo "2187"]
[BlackElo "1920"]
[PlyCount "81"]
[EventDate "2009.08.31"]

1. e4 c5 2. Nf3 d6 3. d4 cxd4 4. Nxd4 Nf6 5. Nc3 g6 6. Be2 Bg7 7. O-O Nc6 8.
Be3 O-O 9. Nb3 Be6 10. f4 Qc8 11. h3 h5 12. Bf3 Bc4 13. Re1 Rd8 14. Qd2 b5 15.
Nd4 Nxd4 16. Bxd4 e5 17. Be3 b4 18. Nd1 d5 19. fxe5 dxe4 20. Qf2 exf3 21. exf6
Bxf6 22. Qxf3 Bh4 23. Bf2 Rd2 24. Qf4 Bxf2+ 25. Nxf2 Rxc2 26. Ne4 Qc6 27. Rac1
b3 28. axb3 Bxb3 29. Rxc2 Bxc2 30. Nf6+ Kg7 31. Rf1 Qb6+ 32. Kh1 Bb3 33. Qe5
Kh6 34. Ne8 Be6 35. Qg7+ Kg5 36. h4+ Kxh4 37. Qf6+ g5 38. g3+ Kh3 39. Qf3 Qxb2
40. Qxh5+ Kxg3 41. Rf3# 1-0

[Event "C.to Europeo U18"]
[Site "Fermo ITA"]
[Date "2009.09.07"]
[Round "7"]
[White "Botta, Gabriele"]
[Black "Vukcevic, Nemanja"]
[Result "1-0"]
[WhiteElo "2228"]
[BlackElo "1996"]
[PlyCount "55"]
[EventDate "2009.08.31"]

1. e4 c5 2. Nf3 d6 3. d4 cxd4 4. Nxd4 Nf6 5. Nc3 a6 6. Bg5 e6 7. f4 Qb6 8. Qd2
Qxb2 9. Nb3 Qa3 10. Bxf6 gxf6 11. Be2 Nc6 12. O-O Bd7 13. Kh1 h5 14. Rad1 O-O-O
15. Rf3 Kb8 16. Rb1 Bc8 17. Nd4 Qc5 18. Nb3 Qa3 19. Nd4 Qc5 20. Nxc6+ Qxc6 21.
Rd3 Be7 22. Rd4 f5 23. Rc4 Qe8 24. Ra4 Ka8 25. Bb5 Bd7 26. Bxa6 Bxa4 27. Bxb7+
Ka7 28. Qd4+ 1-0

[Event "C.to Europeo U18"]
[Site "Fermo ITA"]
[Date "2009.09.07"]
[Round "7"]
[White "Bulanov, Dmitri"]
[Black "Leniart, Arkadiusz"]
[Result "1/2-1/2"]
[WhiteElo "2393"]
[BlackElo "2390"]
[PlyCount "56"]
[EventDate "2009.08.31"]

1. f4 c5 2. Nf3 Nc6 3. g3 g6 4. Bg2 Bg7 5. O-O d5 6. d3 Nf6 7. Nc3 Bf5 8. Ne5
Nxe5 9. fxe5 Ng4 10. Bxd5 Nxe5 11. Bxb7 Rb8 12. Bg2 O-O 13. Qe1 c4 14. Rb1 Ng4
15. Bd2 Qb6+ 16. Kh1 Ne3 17. Bxe3 Qxe3 18. Nd5 Qc5 19. b4 cxb3 20. axb3 Be6 21.
c4 Bxd5 22. Bxd5 a5 23. e3 e6 24. Bg2 Qa3 25. d4 Rxb3 26. Rxb3 Qxb3 27. Qxa5
Qxc4 28. d5 exd5 1/2-1/2

[Event "C.to Europeo U18"]
[Site "Fermo ITA"]
[Date "2009.09.07"]
[Round "7"]
[White "Chirila, Ioan-Cristian"]
[Black "Kopylov, Alexander A."]
[Result "1/2-1/2"]
[WhiteElo "2526"]
[BlackElo "2442"]
[PlyCount "96"]
[EventDate "2009.08.31"]

1. e4 c5 2. Nf3 e6 3. d4 cxd4 4. Nxd4 a6 5. f4 b5 6. Qf3 Bb7 7. Bd3 Nf6 8. Be3
Nc6 9. Nd2 Qc7 10. g4 d6 11. g5 Nd7 12. Nxc6 Bxc6 13. O-O-O Nc5 14. Kb1 O-O-O
15. f5 d5 16. Bxc5 Bxc5 17. Nb3 Bb6 18. fxe6 fxe6 19. Qg4 Kb8 20. Rhe1 Rhf8 21.
e5 d4 22. Qxe6 Rfe8 23. Qf5 g6 24. Qh3 Rxe5 25. Rxe5 Qxe5 26. Qxh7 Qxg5 27.
Qxg6 Qxg6 28. Bxg6 Rh8 29. Nxd4 Bb7 30. b4 Rxh2 31. Nb3 Rg2 32. Bf7 Be4 33. Rd2
Be3 34. Rxg2 Bxg2 35. Bg6 Bd5 36. Na5 Bd4 37. Bf7 Be4 38. Nb3 Be3 39. Kb2 Kc7
40. c3 Kb6 41. Be8 Bd5 42. Na5 Bg5 43. a4 Bf6 44. Kc2 Bg7 45. Bg6 bxa4 46. c4
Bxc4 47. Nxc4+ Kb5 48. Nd6+ Kxb4 1/2-1/2

[Event "C.to Europeo U18"]
[Site "Fermo ITA"]
[Date "2009.09.07"]
[Round "7"]
[White "Filippas, Sebastian"]
[Black "Setala, Touko"]
[Result "1-0"]
[WhiteElo "2224"]
[BlackElo "1808"]
[PlyCount "57"]
[EventDate "2009.08.31"]

1. d4 d5 2. Nf3 Nf6 3. c4 c6 4. Nc3 a6 5. c5 Nbd7 6. Bf4 Nh5 7. Bd2 Nhf6 8. Rc1
g6 9. g3 Bg7 10. Bg2 O-O 11. O-O e5 12. dxe5 Ng4 13. Bg5 Qe8 14. e4 h6 15. Bf4
dxe4 16. Nxe4 Ngxe5 17. Nd6 Qd8 18. Nxe5 Nxe5 19. Re1 Nd7 20. Nxc8 Qxc8 21. Bh3
f5 22. Re7 Nf6 23. Qb3+ Kh8 24. Rc7 Qe8 25. Bd6 Rg8 26. Rxb7 Nd5 27. Bg2 Qe2
28. Bxd5 cxd5 29. Qxd5 1-0

[Event "C.to Europeo U18"]
[Site "Fermo ITA"]
[Date "2009.09.07"]
[Round "7"]
[White "Getz, Nicolai"]
[Black "Cabrera Trujillo, Jorge Juan"]
[Result "1/2-1/2"]
[WhiteElo "2219"]
[BlackElo "2410"]
[PlyCount "90"]
[EventDate "2009.08.31"]

1. e4 c5 2. Nf3 d6 3. d4 cxd4 4. Nxd4 Nf6 5. Nc3 a6 6. Bc4 e6 7. O-O Be7 8. Qf3
O-O 9. Qg3 b5 10. Bd3 Bb7 11. f3 Nbd7 12. Be3 Ne5 13. Rfd1 Nxd3 14. cxd3 Rc8
15. Nb3 Kh8 16. Qf2 Qd7 17. Ne2 Rc7 18. Rdc1 Rfc8 19. Rxc7 Rxc7 20. Nbd4 Rc8
21. Qe1 Kg8 22. Nb3 Bd8 23. Qd2 Ba8 24. Kf1 Qc7 25. Rc1 Qb8 26. Ned4 Nd7 27.
Rxc8 Qxc8 28. Qc2 Qb7 29. Bf2 a5 30. Bg3 a4 31. Nd2 Bf6 32. Ne2 Be7 33. b3 axb3
34. Nxb3 Ne5 35. Ned4 Nc6 36. Ke2 Nd8 37. Qc3 b4 38. Qc4 e5 39. Nf5 Bf8 40. d4
g6 41. Ne3 Qa7 42. dxe5 Qxa2+ 43. Nd2 Qxc4+ 44. Ndxc4 dxe5 45. Bxe5 Nc6 1/2-1/2

[Event "C.to Europeo U18"]
[Site "Fermo ITA"]
[Date "2009.09.07"]
[Round "7"]
[White "Gevorgyan, David"]
[Black "Rasulov, Vugar Ural Oglu"]
[Result "1/2-1/2"]
[WhiteElo "2274"]
[BlackElo "2482"]
[PlyCount "113"]
[EventDate "2009.08.31"]

1. e4 c5 2. Nf3 g6 3. d3 Nc6 4. g3 Bg7 5. Bg2 e6 6. O-O Nge7 7. Re1 d6 8. c3
O-O 9. Be3 b6 10. Qd2 Re8 11. Bh6 Bh8 12. Na3 Ne5 13. Nxe5 dxe5 14. Rad1 Ba6
15. f4 Qc7 16. Qc2 Rad8 17. Qa4 Qb7 18. Nb5 Bxb5 19. Qxb5 a6 20. Qc4 Qa7 21. a4
Rb8 22. Ra1 Red8 23. Red1 Rd7 24. Bh3 Nc6 25. f5 Na5 26. Qa2 exf5 27. exf5 Rd6
28. fxg6 hxg6 29. Rf1 c4 30. dxc4 b5+ 31. c5 Qxc5+ 32. Kh1 Nc4 33. axb5 Qxb5
34. b3 Qxb3 35. Rfb1 Nb2 36. Qxb3 Rxb3 37. Bc1 Rd1+ 38. Kg2 Rxc3 39. Bxb2 Rc2+
40. Kf3 Rxb1 41. Rxb1 e4+ 42. Kxe4 Bxb2 43. Bf1 a5 44. h4 a4 45. Bd3 Rh2 46.
Bc4 Kg7 47. Rd1 Rc2 48. Bd3 Rc3 49. g4 a3 50. Bb1 Rc4+ 51. Kf3 Be5 52. Rd5 Bb8
53. Rb5 Bc7 54. Rb7 Bd6 55. Rxf7+ Kh6 56. Ba2 Bc7 57. Bb1 1/2-1/2

[Event "C.to Europeo U18"]
[Site "Fermo ITA"]
[Date "2009.09.07"]
[Round "7"]
[White "Goumas, Georgios"]
[Black "Nitelea, Alexandru-Barbu"]
[Result "1/2-1/2"]
[WhiteElo "2315"]
[BlackElo "2099"]
[PlyCount "83"]
[EventDate "2009.08.31"]

1. Nf3 c5 2. g3 b6 3. Bg2 Bb7 4. O-O Nf6 5. c4 e6 6. d4 cxd4 7. b3 Qc7 8. Nxd4
Bxg2 9. Kxg2 Qb7+ 10. Kg1 Nc6 11. Bb2 Rd8 12. Nc3 d5 13. Nxc6 Qxc6 14. cxd5
Nxd5 15. Nxd5 Rxd5 16. Rc1 Rxd1 17. Rxc6 Rxf1+ 18. Kxf1 Kd7 19. Rc4 f6 20. Rg4
h5 21. Rh4 Be7 22. g4 Rc8 23. Rxh5 Rc2 24. Bd4 e5 25. Be3 Rxa2 26. Rh7 g5 27.
h4 gxh4 28. g5 h3 29. Kg1 fxg5 30. Bxg5 Rxe2 31. Rxe7+ Kd6 32. Rh7 Re1+ 33. Kh2
Rf1 34. Be3 Rb1 35. Rxa7 b5 36. Ra6+ Kd5 37. Ra3 b4 38. Ra5+ Ke4 39. Rb5 Rxb3
40. Bc5 Kf3 41. Rxb4 Rxb4 42. Bxb4 1/2-1/2

[Event "C.to Europeo U18"]
[Site "Fermo ITA"]
[Date "2009.09.07"]
[Round "7"]
[White "Holvason, Juri"]
[Black "Ketzetzis, Georgios"]
[Result "1-0"]
[WhiteElo "2118"]
[BlackElo "2222"]
[PlyCount "121"]
[EventDate "2009.08.31"]

1. e4 c5 2. Nf3 Nc6 3. d4 cxd4 4. Nxd4 Nf6 5. Nc3 e5 6. Ndb5 d6 7. Bg5 a6 8.
Na3 b5 9. Bxf6 gxf6 10. Nd5 f5 11. Bd3 Be6 12. O-O Bxd5 13. exd5 Ne7 14. Qh5 e4
15. Be2 Bg7 16. c3 O-O 17. Nc2 Rc8 18. Rad1 Qd7 19. g3 a5 20. Ne3 b4 21. cxb4
axb4 22. b3 Rc3 23. Qg5 h6 24. Qf4 Ra8 25. Rd2 Kh7 26. Qh4 Rd8 27. Bb5 Qc7 28.
Nxf5 Nxf5 29. Qxe4 Qc8 30. Bd3 Rxd3 31. Rxd3 Re8 32. Qxb4 Qa6 33. Qd2 Qa7 34.
Re1 Rc8 35. Qf4 Nd4 36. Re4 Be5 37. Qe3 Qxa2 38. Rexd4 Bxd4 39. Rxd4 Rb8 40.
Qe4+ Kh8 41. Kg2 Qxb3 42. Qf4 Kg7 43. Qxd6 Re8 44. Qd7 Re5 45. Rg4+ Rg5 46.
Rxg5+ hxg5 47. Qf5 f6 48. Qd7+ Kg6 49. Qc6 g4 50. d6 Qe6 51. Qc2+ Kg7 52. Qd3
Kf7 53. Qh7+ Ke8 54. Qe7+ Qxe7 55. dxe7 Kxe7 56. f3 f5 57. h3 gxh3+ 58. Kxh3
Kf6 59. Kh4 Kg6 60. g4 fxg4 61. Kxg4 1-0

[Event "C.to Europeo U18"]
[Site "Fermo ITA"]
[Date "2009.09.07"]
[Round "7"]
[White "Hookham, Jamie"]
[Black "Salentiny, Eric"]
[Result "1-0"]
[WhiteElo "1997"]
[BlackElo "1861"]
[PlyCount "39"]
[EventDate "2009.08.31"]

1. e4 b6 2. d4 Bb7 3. Nc3 e6 4. Nf3 Bb4 5. Bd3 c5 6. dxc5 Bxc3+ 7. bxc3 bxc5 8.
Rb1 Qc8 9. c4 Nf6 10. Qe2 O-O 11. e5 Nh5 12. g4 Qc6 13. Rxb7 Nf4 14. Bxf4 Qxb7
15. Kf1 Nc6 16. Qe4 g6 17. Bh6 f5 18. gxf5 gxf5 19. Rg1+ Kf7 20. Qh4 1-0

[Event "C.to Europeo U18"]
[Site "Fermo ITA"]
[Date "2009.09.07"]
[Round "7"]
[White "Janev, Tihomir"]
[Black "Hohluks, Aleksandrs"]
[Result "1-0"]
[WhiteElo "2322"]
[BlackElo "2085"]
[PlyCount "53"]
[EventDate "2009.08.31"]

1. d4 f5 2. Bg5 c6 3. Nc3 d5 4. e3 Nf6 5. Bxf6 exf6 6. Bd3 Be6 7. Qf3 g6 8. h4
h5 9. Nge2 Na6 10. Nf4 Bf7 11. Bxa6 bxa6 12. Qe2 Qb6 13. Nd3 Rb8 14. b3 c5 15.
O-O c4 16. bxc4 dxc4 17. Rab1 Qc7 18. Nf4 Rxb1 19. Rxb1 Bd6 20. Nfd5 Qa5 21.
Qxc4 O-O 22. Rb7 Bxd5 23. Qxd5+ Qxd5 24. Nxd5 Rf7 25. Rxf7 Kxf7 26. c4 Ke6 27.
Nf4+ 1-0

[Event "C.to Europeo U18"]
[Site "Fermo ITA"]
[Date "2009.09.07"]
[Round "7"]
[White "Kavcic, Janez"]
[Black "Poetz, Florian"]
[Result "0-1"]
[WhiteElo "1998"]
[BlackElo "2364"]
[PlyCount "78"]
[EventDate "2009.08.31"]

1. e4 c5 2. Nf3 e6 3. d4 cxd4 4. Nxd4 a6 5. Nc3 Qc7 6. Bd3 Nf6 7. O-O Bc5 8.
Nb3 Be7 9. Be3 d6 10. f4 Nbd7 11. Qf3 b6 12. Rae1 Bb7 13. Qh3 g6 14. Kh1 b5 15.
a3 Rc8 16. Re2 Nb6 17. e5 Nh5 18. f5 dxe5 19. fxe6 f6 20. Qg4 Rg8 21. Be4 Nc4
22. Bc1 Nd6 23. Nd5 Bxd5 24. Bxd5 f5 25. Qh3 Nf6 26. Rd1 Rd8 27. Ree1 Qxc2 28.
Bg5 Nde4 29. Be3 Rxd5 30. Rxd5 Qxb3 31. Rdd1 Qxe6 32. Bg1 Kf7 33. Qf3 Kg7 34.
h3 h5 35. Rd3 Rc8 36. Qd1 Qc4 37. Kh2 h4 38. b3 Qc7 39. a4 Nc3 0-1

[Event "C.to Europeo U18"]
[Site "Fermo ITA"]
[Date "2009.09.07"]
[Round "7"]
[White "Lobo, Richard A."]
[Black "Valsecchi, Alessio"]
[Result "0-1"]
[WhiteElo "1920"]
[BlackElo "2372"]
[PlyCount "70"]
[EventDate "2009.08.31"]

1. e4 c5 2. Nf3 Nc6 3. d4 cxd4 4. Nxd4 g6 5. Nc3 Bg7 6. Be3 Nf6 7. Bc4 O-O 8.
Bb3 d6 9. f3 Na5 10. Qd2 Nd7 11. O-O-O Nb6 12. Qe2 a6 13. h4 e5 14. Nf5 Nxb3+
15. axb3 gxf5 16. h5 f4 17. h6 Bf6 18. Bf2 Be6 19. g3 Kh8 20. gxf4 exf4 21.
Rhg1 Be5 22. Qe1 Nd7 23. Bh4 Qa5 24. Rg5 Rac8 25. Kb1 Rg8 26. Rxe5 Qxe5 27. Nd5
Rg2 28. Bf2 Qg5 29. c3 Qxh6 30. c4 Ne5 31. Bd4 Bxd5 32. exd5 Qg6+ 33. Ka1 f6
34. Qb4 Nxf3 35. Qxb7 Re8 0-1

[Event "C.to Europeo U18"]
[Site "Fermo ITA"]
[Date "2009.09.07"]
[Round "7"]
[White "Martinovic, Sasa"]
[Black "Graf, Felix"]
[Result "1-0"]
[WhiteElo "2525"]
[BlackElo "2291"]
[PlyCount "53"]
[EventDate "2009.08.31"]

1. d4 e6 2. c4 Nf6 3. Nc3 Bb4 4. e3 c5 5. Nge2 b6 6. a3 Ba5 7. Rb1 Na6 8. g3
Bb7 9. d5 b5 10. Bg2 bxc4 11. O-O O-O 12. e4 exd5 13. Nxd5 Bxd5 14. exd5 d6 15.
Qa4 Rb8 16. Bg5 Re8 17. Bxf6 gxf6 18. Qxc4 Qc8 19. Nf4 Re5 20. Nd3 Re8 21. Qf4
c4 22. Rbc1 cxd3 23. Rxc8 Rexc8 24. b4 Nxb4 25. axb4 Bxb4 26. Be4 Rc4 27. Bxh7+
1-0

[Event "C.to Europeo U18"]
[Site "Fermo ITA"]
[Date "2009.09.07"]
[Round "7"]
[White "Mereu, Matteo"]
[Black "Gonzalez Laso, Adrian"]
[Result "0-1"]
[WhiteElo "1964"]
[BlackElo "2059"]
[PlyCount "146"]
[EventDate "2009.08.31"]

1. e4 e6 2. Nf3 d5 3. e5 c5 4. b4 cxb4 5. d4 Nc6 6. a3 f6 7. axb4 Bxb4+ 8. c3
Be7 9. Bd3 fxe5 10. dxe5 Nh6 11. Bxh6 gxh6 12. Qc2 Qc7 13. Bxh7 Nxe5 14. Bg6+
Kd8 15. Bh5 Nxf3+ 16. Bxf3 Qe5+ 17. Be2 Bd7 18. O-O Rg8 19. Bf3 Bd6 20. g3 Qg7
21. Nd2 h5 22. Bg2 h4 23. Nf3 hxg3 24. fxg3 Rc8 25. Qb2 Qxc3 26. Qxb7 Qb4 27.
Rxa7 Qxb7 28. Rxb7 Rf8 29. Bh3 Bc5+ 30. Kh1 Bc6 31. Rb3 Ke7 32. Re1 Rf6 33. Ng5
d4+ 34. Bg2 Bxg2+ 35. Kxg2 Bd6 36. Re2 Bc7 37. Rd3 Bb6 38. Ne4 Rf5 39. h4 e5
40. Kh3 Rcf8 41. Ng5 Kd6 42. Kg4 Kd5 43. h5 Bd8 44. Nf3 Bb6 45. Nh4 Rf1 46. Ng6
e4 47. Rb3 R8f6 48. Nf4+ Kc4 49. Rxb6 Rxb6 50. Rxe4 Rb8 51. Kh3 Rg8 52. Kg2 Ra1
53. Ng6 Kc3 54. Re6 d3 55. Rc6+ Kb3 56. h6 Rd8 57. Rb6+ Kc3 58. Rc6+ Kb4 59.
Rb6+ Kc5 60. Rb2 d2 61. Rxd2 Rxd2+ 62. Kf3 Rh2 63. Nh4 Rxh4 64. gxh4 Ra6 65.
Kg4 Rxh6 66. Kg5 Rh8 67. h5 Kd6 68. Kg6 Ke7 69. h6 Rg8+ 70. Kh7 Rg1 71. Kh8 Kf6
72. Kh7 Rh1 73. Kg8 Rxh6 0-1

[Event "C.to Europeo U18"]
[Site "Fermo ITA"]
[Date "2009.09.07"]
[Round "7"]
[White "Omarsson, Dadi"]
[Black "Baloire, Endy"]
[Result "1/2-1/2"]
[WhiteElo "2091"]
[BlackElo "1895"]
[PlyCount "98"]
[EventDate "2009.08.31"]

1. e4 c6 2. d4 d5 3. Nc3 dxe4 4. Nxe4 Nd7 5. Ng5 Ngf6 6. Bd3 e6 7. N1f3 Bd6 8.
Qe2 h6 9. Ne4 Nxe4 10. Qxe4 Nf6 11. Qe2 Qc7 12. Bd2 b6 13. O-O-O c5 14. Bb5+
Ke7 15. Ne5 Bb7 16. Nc4 Bf4 17. Ne3 Rhd8 18. a3 a5 19. dxc5 Qxc5 20. Qc4 Qxc4
21. Nxc4 Bxd2+ 22. Rxd2 Rxd2 23. Kxd2 Bxg2 24. Rg1 Be4 25. a4 Nd5 26. Ne5 Rc8
27. c4 Nc7 28. Ke3 Nxb5 29. axb5 Ba8 30. f4 f6 31. Rxg7+ Kd6 32. Nd7 Rxc4 33.
Nxb6 Re4+ 34. Kd3 Bd5 35. f5 Kc5 36. Nxd5 Kxd5 37. Rd7+ Ke5 38. fxe6 Kxe6 39.
Kxe4 Kxd7 40. Kf5 Kc7 41. Kxf6 Kb6 42. Kg6 Kxb5 43. Kxh6 Kb4 44. h4 Kb3 45. Kg5
Kxb2 46. h5 a4 47. h6 a3 48. h7 a2 49. h8=Q+ Kb1 1/2-1/2

[Event "C.to Europeo U18"]
[Site "Fermo ITA"]
[Date "2009.09.07"]
[Round "7"]
[White "Palmitessa, Andrea"]
[Black "Glibstrup, Jakob"]
[Result "1/2-1/2"]
[WhiteElo "1796"]
[BlackElo "1978"]
[PlyCount "89"]
[EventDate "2009.08.31"]

1. e4 Nf6 2. Nc3 d5 3. e5 Nfd7 4. d4 e6 5. f4 c5 6. Nf3 Nc6 7. Be3 a6 8. Qd2 b5
9. Ne2 Na5 10. b3 c4 11. b4 Nc6 12. a3 a5 13. Rb1 Nb6 14. c3 Qc7 15. g3 axb4
16. axb4 Ra3 17. Kf2 Be7 18. Bg2 O-O 19. Ra1 Ra4 20. g4 Bd7 21. Rxa4 bxa4 22.
Ra1 Na7 23. Qc2 Nb5 24. Bc1 Ra8 25. Ba3 f6 26. h4 fxe5 27. dxe5 Rf8 28. Kg3
Nxa3 29. Rxa3 Qc8 30. Ng5 Bxg5 31. hxg5 Be8 32. Ra1 Bg6 33. Qd2 Qd7 34. Nd4 Kh8
35. Bf3 Kg8 36. Bd1 Be4 37. Bc2 Bxc2 38. Qxc2 g6 39. Nf3 Kg7 40. Qd2 Qf7 41.
Qd4 Qc7 42. Qe3 Kg8 43. Nd4 Re8 44. Nb5 Qc6 45. Nd4 1/2-1/2